00401nam a2200097Ia 4500008004100000100002200041245013200063260003800195650000900233856006100242160909s9999 xx 000 0 und d aNishimura, Haruyo aShin-issei: An exploratory study of adjustment and coping of first generation Japanese immigrant women who immigrated as adults bCalifornia State Universityc2016 aFOOD uhttp://pqdtopen.proquest.com/doc/1777339195.html?FMT=ABS